[Event "Graz op-B"]
[Site "Graz"]
[Date "2015.02.15"]
[Round "4"]
[White "Radicevic, Mirko"]
[Black "Moik, Franz"]
[Result "1/2-1/2"]
[WhiteElo "1849"]
[BlackElo "1895"]
[PlyCount "38"]
[EventDate "2015.02.13"]
[EventType "swiss"]
[EventRounds "9"]
[EventCountry "AUT"]
[SourceTitle "CBM 165 Extra"]
[Source "ChessBase"]
[SourceDate "2015.04.21"]
[SourceVersion "1"]
[SourceVersionDate "2015.04.21"]
[SourceQuality "1"]

1. e4 g6 2. d4 Bg7 3. Nf3 d6 4. Be2 Nf6 5. Nc3 0-0 6. 0-0 a6 7. Be3 b5 8. a3 Bb7 9. Bd3 Nbd7 10. b4 Ng4 11. Bd2 c5 12. d5 Rc8 13. bxc5 Rxc5 14. Na2 Bxa1 15. Qxa1 Nde5 16. Nxe5 dxe5 17. h3 Nf6 18. Bh6 Re8 19. Qxe5 Qd6 1/2-1/2

[Event "Graz Casino op-B"]
[Site "Graz"]
[Date "2014.02.21"]
[Round "9"]
[White "Radicevic, Mirko"]
[Black "Pichler, Gerhard"]
[Result "1/2-1/2"]
[WhiteElo "1888"]
[BlackElo "1823"]
[PlyCount "97"]
[EventDate "2014.02.14"]
[EventType "swiss"]
[EventRounds "9"]
[EventCountry "AUT"]
[SourceTitle "CBM 158 Extra"]
[Source "ChessBase"]
[SourceDate "2014.02.28"]
[SourceVersion "1"]
[SourceVersionDate "2014.02.28"]
[SourceQuality "1"]

1. Nf3 d5 2. d4 Nf6 3. e3 Bg4 4. c4 Bxf3 5. Qxf3 e6 6. cxd5 Qxd5 7. Be2 Bb4+ 8. Bd2 Bxd2+ 9. Nxd2 Nbd7 10. 0-0 0-0 11. Qg3 Qd6 12. Qg5 Qb4 13. Nb3 Ne4 14. Qf4 Ndf6 15. Bf3 Nd6 16. e4 Nb5 17. Qe3 c6 18. h4 Rfe8 19. a3 Qe7 20. h5 e5 21. Rfe1 exd4 22. Nxd4 Nxd4 23. Qxd4 Qe5 24. Rad1 Nxh5 25. Bxh5 Qxh5 26. Re3 Qe5 27. Qxe5 Rxe5 28. f4 Ree8 29. Rd7 b6 30. Kf2 Kf8 31. Kf3 Red8 32. Rc7 c5 33. g4 Ke8 34. b4 cxb4 35. axb4 Rd7 36. Rc6 Rad8 37. e5 Rd3 38. Rc7 Rxe3+ 39. Kxe3 Rd7 40. Rc8+ Ke7 41. f5 a5 42. bxa5 bxa5 43. Ra8 Rd5 44. Ra7+ Ke8 45. Ke4 Rb5 46. g5 h5 47. Ra8+ Ke7 48. Ra7+ Ke8 49. Ra8+ 1/2-1/2

[Event "Graz Casino op-B"]
[Site "Graz"]
[Date "2014.02.20"]
[Round "8"]
[White "Murlasits, Martin III"]
[Black "Radicevic, Mirko"]
[Result "1-0"]
[WhiteElo "1861"]
[BlackElo "1888"]
[PlyCount "69"]
[EventDate "2014.02.14"]
[EventType "swiss"]
[EventRounds "9"]
[EventCountry "AUT"]
[SourceTitle "CBM 158 Extra"]
[Source "ChessBase"]
[SourceDate "2014.02.28"]
[SourceVersion "1"]
[SourceVersionDate "2014.02.28"]
[SourceQuality "1"]

1. e4 e5 2. Nf3 d6 3. d4 exd4 4. Qxd4 Nc6 5. Bb5 Qf6 6. Nc3 Bg4 7. Bg5 Qg6 8. Qe3 h6 9. Bh4 Bd7 10. Nd5 Rc8 11. Nf4 Qh7 12. Nd5 g5 13. Bg3 a6 14. Bd3 Qg7 15. c3 Be7 16. 0-0-0 g4 17. Nxe7 Ngxe7 18. Nh4 0-0 19. Bf4 Qf6 20. g3 h5 21. Bg5 Qe6 22. b3 Ng6 23. Bc4 Nxh4 24. Bxe6 Ng2 25. Qd2 fxe6 26. Bh6 Rf7 27. Qg5+ Kh7 28. Qxh5 Ne5 29. Bf4+ Kg8 30. Bxe5 dxe5 31. Qxg4+ Kf8 32. Rxd7 Rxd7 33. Qf3+ Ke7 34. Qxg2 Rcd8 35. Qh3 1-0

[Event "Graz Casino op-B"]
[Site "Graz"]
[Date "2014.02.16"]
[Round "4"]
[White "Puregger, Patrick"]
[Black "Radicevic, Mirko"]
[Result "1/2-1/2"]
[WhiteElo "1661"]
[BlackElo "1888"]
[PlyCount "154"]
[EventDate "2014.02.14"]
[EventType "swiss"]
[EventRounds "9"]
[EventCountry "AUT"]
[SourceTitle "CBM 158 Extra"]
[Source "ChessBase"]
[SourceDate "2014.02.28"]
[SourceVersion "1"]
[SourceVersionDate "2014.02.28"]
[SourceQuality "1"]

1. e4 d5 2. exd5 Qxd5 3. Nc3 Qd8 4. d4 Nf6 5. Nf3 Bg4 6. Be2 e6 7. 0-0 Be7 8. Be3 0-0 9. h3 Bh5 10. Ne5 Bxe2 11. Qxe2 h6 12. Qf3 c6 13. Ne2 Nd5 14. Nf4 Nd7 15. Nxd5 cxd5 16. Ng4 f5 17. Nh2 b5 18. Rfe1 Nf6 19. Nf1 Rc8 20. Rac1 Qb6 21. Ng3 b4 22. Ne2 Rc6 23. Nf4 g5 24. Nxe6 Rxe6 25. Qxf5 Ne4 26. Qxd5 Qd6 27. Qxd6 Nxd6 28. d5 Re5 29. Bc5 Rxd5 30. Bxb4 Kf7 31. c4 Rd4 32. b3 Nf5 33. Bc3 Rd3 34. Red1 Rfd8 35. Re1 Bf6 36. Bxf6 Kxf6 37. Kf1 Rd2 38. Re2 R2d3 39. Ke1 Nd4 40. Re3 Rxe3+ 41. fxe3 Nf5 42. Rc3 Ke5 43. c5 Ke4 44. Ke2 h5 45. c6 Rc8 46. c7 Ne7 47. Rc4+ Kd5 48. e4+ Kd6 49. Ke3 Nc6 50. Ra4 a5 51. Rc4 Kxc7 52. Rc5 Rg8 53. a3 Kb6 54. Rd5 Rg6 55. Rf5 Na7 56. e5 Nc6 57. Rf6 Rg7 58. e6 Kc5 59. Ke4 Kd6 60. Rf7 Rg6 61. Kf5 Rxe6 62. Rf6 Nd4+ 63. Kxg5 Rxf6 64. Kxf6 Nxb3 65. Kg5 a4 66. Kxh5 Nd4 67. g4 Ke7 68. Kg6 Nf3 69. g5 Ke6 70. Kh6 Nh4 71. Kh5 Nf5 72. h4 Kf7 73. Kg4 Ne3+ 74. Kf4 Nc4 75. Ke4 Nxa3 76. Kd3 Nb5 77. Kc2 Kg6 1/2-1/2

[Event "Styrian op-B"]
[Site "Bad Gleichenberg"]
[Date "2013.07.12"]
[Round "7"]
[White "Radicevic, Mirko"]
[Black "Ly, Dominik"]
[Result "1-0"]
[WhiteElo "1883"]
[BlackElo "1907"]
[PlyCount "31"]
[EventDate "2013.07.06"]
[EventType "swiss"]
[EventRounds "9"]
[EventCountry "AUT"]
[SourceTitle "EXT 2015"]
[Source "ChessBase"]
[SourceDate "2014.11.20"]
[SourceVersion "1"]
[SourceVersionDate "2014.11.20"]
[SourceQuality "1"]

1. c4 c5 2. Nf3 Nc6 3. d4 cxd4 4. Nxd4 g6 5. g3 Bg7 6. e3 Nf6 7. Bg2 0-0 8. 0-0 e6 9. Nc3 d5 10. cxd5 exd5 11. Nde2 Ne7 12. b3 b6 13. Ba3 Bb7 14. Rc1 Re8 15. Nb5 Rf8 16. Rc7 1-0

[Event "Graz-chB"]
[Site "Graz"]
[Date "2013.01.26"]
[Round "7"]
[White "Radicevic, Mirko"]
[Black "Scharf, Manfred1111"]
[Result "1-0"]
[WhiteElo "1899"]
[BlackElo "1534"]
[PlyCount "99"]
[EventDate "2013.01.12"]
[EventType "swiss"]
[EventRounds "7"]
[EventCountry "AUT"]
[SourceTitle "EXT 2022"]
[Source "ChessBase"]
[SourceDate "2021.10.06"]
[SourceVersion "1"]
[SourceVersionDate "2021.10.06"]
[SourceQuality "1"]

1. e4 d5 2. d3 dxe4 3. dxe4 Qxd1+ 4. Kxd1 Nf6 5. f3 e5 6. Be3 Be6 7. c3 Nbd7 8. Nd2 Bc5 9. Bg5 0-0-0 10. Kc2 h6 11. Bh4 g5 12. Bg3 Nh5 13. a4 Nxg3 14. hxg3 f6 15. b4 Be3 16. Bc4 Bxd2 17. Bxe6 Bxc3 18. Kxc3 c6 19. Ne2 Kc7 20. Rad1 c5 21. Bxd7 cxb4+ 22. Kxb4 Rxd7 23. Rxd7+ Kxd7 24. Nc3 Ke6 25. Rd1 h5 26. Nb5 a6 27. Nc7+ Ke7 28. Kc5 b5 29. axb5 axb5 30. Kxb5 Rb8+ 31. Kc6 Kf7 32. Rd2 Rb1 33. Nd5 Rb3 34. Ra2 g4 35. Rf2 gxf3 36. gxf3 Ke6 37. Kc5 Ra3 38. Kb4 Ra7 39. Kc3 Rg7 40. Rg2 f5 41. Ne3 fxe4 42. fxe4 h4 43. gxh4 Rh7 44. Nf5 Kf7 45. Kc4 Ke6 46. Rg6+ Kf7 47. Ra6 Rh8 48. Kd5 Rb8 49. Kxe5 Rb5+ 50. Kf4 1-0

[Event "Graz-chB"]
[Site "Graz"]
[Date "2013.01.19"]
[Round "4"]
[White "Radicevic, Mirko"]
[Black "Toelly, Michael"]
[Result "1-0"]
[WhiteElo "1899"]
[BlackElo "1666"]
[PlyCount "109"]
[EventDate "2013.01.12"]
[EventType "swiss"]
[EventRounds "7"]
[EventCountry "AUT"]
[SourceTitle "EXT 2022"]
[Source "ChessBase"]
[SourceDate "2021.10.06"]
[SourceVersion "1"]
[SourceVersionDate "2021.10.06"]
[SourceQuality "1"]

1. e4 e5 2. Nf3 Nc6 3. d4 exd4 4. Nxd4 Nf6 5. Nxc6 bxc6 6. Bd3 Bc5 7. 0-0 0-0 8. Bg5 Re8 9. a3 h6 10. Bxf6 Qxf6 11. c3 Qh4 12. Nd2 d6 13. Nf3 Qf6 14. a4 a5 15. Qc2 Bg4 16. Be2 Qg6 17. Nd4 Bxd4 18. cxd4 Bxe2 19. Qxe2 Qxe4 20. Qd2 Qd5 21. Qc3 Rab8 22. Rfd1 Re2 23. Rab1 Rb3 24. Qc1 Rb4 25. Kf1 Re4 26. Qc2 Rbxd4 27. Rxd4 Qxd4 28. b3 c5 29. Rd1 Qb4 30. f3 Re5 31. Kf2 Qf4 32. Qd2 Qxh2 33. Qxa5 Qh4+ 34. Kg1 Re2 35. Rf1 Qg3 36. Qa8+ Kh7 37. f4 Qe3+ 38. Kh2 Qxb3 39. a5 Ra2 40. Qe4+ f5 41. Qxf5+ Kh8 42. Qc8+ Qg8 43. Qxc7 Qa8 44. Rf3 Qf8 45. Kg3 h5 46. Qb6 Qc8 47. f5 d5 48. Qe6 Qb8+ 49. Kh3 Rxa5 50. f6 g5 51. f7 g4+ 52. Kh4 Qf8 53. Rf5 Ra7 54. Qf6+ Qg7 55. Rxh5# 1-0

[Event "Graz-chB"]
[Site "Graz"]
[Date "2013.01.13"]
[Round "2"]
[White "Radicevic, Mirko"]
[Black "Schuetz, Christian"]
[Result "1/2-1/2"]
[WhiteElo "1899"]
[BlackElo "1966"]
[PlyCount "77"]
[EventDate "2013.01.12"]
[EventType "swiss"]
[EventRounds "7"]
[EventCountry "AUT"]
[SourceTitle "EXT 2022"]
[Source "ChessBase"]
[SourceDate "2021.10.06"]
[SourceVersion "1"]
[SourceVersionDate "2021.10.06"]
[SourceQuality "1"]

1. e4 c5 2. Nf3 Nc6 3. c3 Nf6 4. e5 Nd5 5. d4 cxd4 6. cxd4 e6 7. Bc4 Bb4+ 8. Bd2 Nb6 9. Bd3 d6 10. Bb5 Bxd2+ 11. Qxd2 0-0 12. 0-0 dxe5 13. Bxc6 bxc6 14. Nxe5 Bb7 15. Nc3 Qe7 16. Rfd1 Rfd8 17. Qf4 f6 18. Nf3 Nd5 19. Qg4 Bc8 20. Qe4 Qb4 21. Qc2 Bd7 22. a3 Qc4 23. Rac1 Nxc3 24. bxc3 Rab8 25. Rb1 Rb6 26. Rb4 Rxb4 27. axb4 Rb8 28. Rb1 a5 29. Nd2 Qe2 30. Rb2 axb4 31. Qb1 e5 32. dxe5 Qxe5 33. cxb4 Bf5 34. Qc1 Re8 35. Nf3 Qb5 36. Qd2 Qd3 37. h3 Ra8 38. Qxd3 Bxd3 39. Nd4 1/2-1/2

[Event "Graz-chB"]
[Site "Graz"]
[Date "2012.01.28"]
[Round "7"]
[White "Radicevic, Mirko"]
[Black "Teichert, Alfred"]
[Result "1-0"]
[WhiteElo "1906"]
[BlackElo "1764"]
[PlyCount "69"]
[EventDate "2012.01.13"]
[EventType "swiss"]
[EventRounds "7"]
[EventCountry "AUT"]
[SourceTitle "EXT 2013"]
[Source "ChessBase"]
[SourceDate "2012.11.22"]
[SourceVersion "1"]
[SourceVersionDate "2012.11.22"]
[SourceQuality "1"]

1. d4 Nf6 2. c4 e6 3. Nc3 Bb4 4. Bd2 0-0 5. g3 d5 6. cxd5 exd5 7. Bg2 c6 8. a3 Bd6 9. Nf3 h6 10. 0-0 Bf5 11. Qb3 Qc7 12. Nh4 Bh7 13. Rac1 Qd7 14. Rfe1 g5 15. Nf3 Ne4 16. Be3 Nxc3 17. bxc3 Be4 18. Ne5 Bxe5 19. dxe5 Bf5 20. Red1 Qe6 21. Qxb7 Nd7 22. c4 Nxe5 23. cxd5 Qg6 24. dxc6 Be4 25. Bxe4 Qxe4 26. Rd4 Qf5 27. c7 Rac8 28. Rcd1 Ng4 29. Rd8 Nxe3 30. Rxf8+ Rxf8 31. Rd8 Ng4 32. Rxf8+ Kg7 33. Qf3 Qb1+ 34. Kg2 Ne5 35. Rxf7+ 1-0

[Event "Graz-chB"]
[Site "Graz"]
[Date "2012.01.14"]
[Round "2"]
[White "Radicevic, Mirko"]
[Black "Murlasits, Martin III"]
[Result "0-1"]
[WhiteElo "1906"]
[BlackElo "1860"]
[PlyCount "60"]
[EventDate "2012.01.13"]
[EventType "swiss"]
[EventRounds "7"]
[EventCountry "AUT"]
[SourceTitle "EXT 2013"]
[Source "ChessBase"]
[SourceDate "2012.11.22"]
[SourceVersion "1"]
[SourceVersionDate "2012.11.22"]
[SourceQuality "1"]

1. d4 d5 2. c4 e6 3. Nc3 c6 4. cxd5 exd5 5. Nf3 Nf6 6. g3 Bd6 7. Bg2 0-0 8. 0-0 Bg4 9. Re1 Re8 10. Qc2 Nbd7 11. e4 dxe4 12. Nxe4 Nxe4 13. Rxe4 Rxe4 14. Qxe4 Nf6 15. Qd3 Qd7 16. Bg5 Bf5 17. Qb3 Be6 18. Qd3 Bf5 19. Qb3 Ne4 20. Be3 Re8 21. a3 h6 22. Rd1 Be6 23. Qc2 Bd5 24. Ne5 Qf5 25. f3 Nxg3 26. Qf2 Nh5 27. Ng4 Nf4 28. Rf1 h5 29. Ne5 f6 30. Bxf4 Qxf4 0-1

[Event "Graz op-B 18th"]
[Site "Graz"]
[Date "2011.09.02"]
[Round "7"]
[White "Bastian, Dennis"]
[Black "Radicevic, Mirko"]
[Result "0-1"]
[WhiteElo "1761"]
[BlackElo "1906"]
[PlyCount "44"]
[EventDate "2011.08.27"]
[EventType "swiss"]
[EventRounds "9"]
[EventCountry "AUT"]
[SourceTitle "EXT 2022"]
[Source "ChessBase"]
[SourceDate "2021.10.06"]
[SourceVersion "1"]
[SourceVersionDate "2021.10.06"]
[SourceQuality "1"]

1. e4 c5 2. Nc3 Nc6 3. f4 g6 4. Nf3 Bg7 5. Bc4 e6 6. 0-0 Nge7 7. d3 d5 8. Bb5 0-0 9. f5 exf5 10. Bxc6 bxc6 11. Qe1 Ba6 12. e5 d4 13. Qh4 dxc3 14. bxc3 Nd5 15. Bg5 f6 16. Bh6 Nxc3 17. Rae1 fxe5 18. Ng5 Bf6 19. Ne6 Bxh4 20. Nxd8 Rfxd8 21. Rxe5 Rd5 22. Re6 Bb5 0-1

[Event "Graz op-B 18th"]
[Site "Graz"]
[Date "2011.08.31"]
[Round "5"]
[White "Penz, Florian"]
[Black "Radicevic, Mirko"]
[Result "1-0"]
[WhiteElo "1666"]
[BlackElo "1906"]
[PlyCount "51"]
[EventDate "2011.08.27"]
[EventType "swiss"]
[EventRounds "9"]
[EventCountry "AUT"]
[SourceTitle "EXT 2022"]
[Source "ChessBase"]
[SourceDate "2021.10.06"]
[SourceVersion "1"]
[SourceVersionDate "2021.10.06"]
[SourceQuality "1"]

1. d4 Nf6 2. c4 c5 3. d5 d6 4. Nc3 e5 5. dxe6 Bxe6 6. e4 Nc6 7. Nf3 Be7 8. Be2 0-0 9. 0-0 a6 10. b3 Ng4 11. Nd2 Qc8 12. h3 Nf6 13. f4 Qc7 14. Bb2 Ne8 15. f5 Bd7 16. Nd5 Qd8 17. Qe1 Bh4 18. g3 Bf6 19. Nxf6+ Nxf6 20. g4 Qe7 21. g5 Nxe4 22. f6 gxf6 23. gxf6 Qe8 24. Qh4 Ne5 25. Nxe4 Ng6 26. Qh6 1-0

[Event "Graz op-B 18th"]
[Site "Graz"]
[Date "2011.08.28"]
[Round "2"]
[White "Reiter, Armin"]
[Black "Radicevic, Mirko"]
[Result "1-0"]
[WhiteElo "1836"]
[BlackElo "1906"]
[PlyCount "49"]
[EventDate "2011.08.27"]
[EventType "swiss"]
[EventRounds "9"]
[EventCountry "AUT"]
[SourceTitle "EXT 2022"]
[Source "ChessBase"]
[SourceDate "2021.10.06"]
[SourceVersion "1"]
[SourceVersionDate "2021.10.06"]
[SourceQuality "1"]

1. e4 c5 2. Nc3 Nc6 3. g3 g6 4. Bg2 Bg7 5. d3 Nf6 6. f4 d6 7. Nf3 a6 8. h3 Qa5 9. Bd2 Qb6 10. Rb1 Rb8 11. g4 h5 12. g5 Nd7 13. Nd5 Qd8 14. 0-0 e6 15. Nc3 0-0 16. Nh4 Bd4+ 17. Kh1 Kh7 18. Bf3 Rh8 19. Ne2 f6 20. f5 exf5 21. exf5 Nce5 22. fxg6+ Nxg6 23. Be4 Ndf8 24. Nxd4 cxd4 25. Nxg6 1-0

[Event "Graz-ch B"]
[Site "Graz"]
[Date "2011.01.21"]
[Round "7.5"]
[White "Softic, Edin"]
[Black "Radicevic, Mirko"]
[Result "1-0"]
[WhiteElo "1819"]
[BlackElo "1906"]
[PlyCount "47"]
[EventDate "2011.01.07"]
[EventType "swiss"]
[EventRounds "7"]
[EventCountry "AUT"]
[SourceTitle "EXT 2024"]
[Source "ChessBase"]
[SourceDate "2023.10.10"]
[SourceVersion "1"]
[SourceVersionDate "2023.10.10"]
[SourceQuality "1"]

1. e4 e5 2. f4 Nc6 3. Nf3 d6 4. Bc4 Be6 5. Bxe6 fxe6 6. fxe5 Nxe5 7. 0-0 Ng6 8. d4 Be7 9. c3 Nf6 10. Ng5 Qc8 11. Qb3 d5 12. e5 Nd7 13. Nxe6 Rg8 14. Qxd5 c6 15. Nc7+ Qxc7 16. Qxg8+ Ndf8 17. Qf7+ Kd7 18. Bg5 Ne6 19. Bxe7 Nxe7 20. Nd2 Rd8 21. Ne4 h6 22. Nd6 c5 23. d5 Ng5 24. e6+ 1-0

[Event "Graz-ch B"]
[Site "Graz"]
[Date "2011.01.16"]
[Round "6"]
[White "Radicevic, Mirko"]
[Black "Lach, Willibald"]
[Result "1/2-1/2"]
[WhiteElo "1906"]
[BlackElo "2002"]
[PlyCount "91"]
[EventDate "2011.01.07"]
[EventType "swiss"]
[EventRounds "7"]
[EventCountry "AUT"]
[SourceTitle "EXT 2024"]
[Source "ChessBase"]
[SourceDate "2023.10.10"]
[SourceVersion "1"]
[SourceVersionDate "2023.10.10"]
[SourceQuality "1"]

1. c4 e5 2. Nc3 Bb4 3. d4 exd4 4. Qxd4 Nf6 5. Bg5 Nc6 6. Qe3+ Qe7 7. Qxe7+ Nxe7 8. Bxf6 gxf6 9. Rc1 d6 10. g3 Nc6 11. a3 Bxc3+ 12. Rxc3 0-0 13. Bg2 Bd7 14. e3 Rfe8 15. Ne2 Kg7 16. 0-0 Ne5 17. b3 Bc6 18. Bxc6 Nxc6 19. Rd1 a5 20. c5 Rad8 21. cxd6 Rxd6 22. Rxd6 cxd6 23. Rd3 Rd8 24. f4 f5 25. Nc3 Ne7 26. Nd5 Nc6 27. Kf2 f6 28. Kf3 Kf7 29. h3 h5 30. e4 fxe4+ 31. Kxe4 Re8+ 32. Kf3 f5 33. Ne3 Ke6 34. Nd5 Rd8 35. Ke3 Rg8 36. Kf3 Rg7 37. Nc3 Rd7 38. g4 hxg4+ 39. hxg4 fxg4+ 40. Kxg4 Rg7+ 41. Kf3 Rf7 42. Ke4 Ne7 43. Rf3 Rf5 44. Ne2 d5+ 45. Kd3 Nc6 46. Nd4+ 1/2-1/2

[Event "Graz op-B 16th"]
[Site "Graz"]
[Date "2009.09.03"]
[Round "6"]
[White "Radicevic, Mirko"]
[Black "Makk, Norbert"]
[Result "0-1"]
[WhiteElo "1927"]
[BlackElo "1826"]
[PlyCount "66"]
[EventDate "2009.08.29"]
[EventType "swiss"]
[EventRounds "9"]
[EventCountry "AUT"]
[SourceTitle "CBM 132 Extra"]
[Source "ChessBase"]
[SourceDate "2009.11.03"]
[SourceVersion "1"]
[SourceVersionDate "2009.11.03"]
[SourceQuality "1"]

1. d4 d5 2. c4 c6 3. Nf3 Nf6 4. Nc3 e6 5. e3 Nbd7 6. Bd3 dxc4 7. Bxc4 b5 8. Bd3 Bb7 9. 0-0 a6 10. Ne4 c5 11. Nxf6+ Nxf6 12. dxc5 Bxc5 13. Be2 0-0 14. b3 Qb6 15. Bb2 Rfd8 16. Qc1 Ne4 17. Rd1 Rxd1+ 18. Qxd1 Bxe3 19. Bd4 Bxf2+ 20. Bxf2 Qxf2+ 21. Kh1 Qb6 22. Qd4 Qxd4 23. Nxd4 Rc8 24. Kg1 Nc3 25. Bf3 Bxf3 26. Nxf3 Nd5 27. a4 b4 28. Ne5 f6 29. Nc4 Kf8 30. Kf2 Ke7 31. Rd1 Rc6 32. g3 Nb6 33. Nd2 Rc3 0-1

[Event "Graz-chB"]
[Site "Graz"]
[Date "2009.01.18"]
[Round "6"]
[White "Huber, Martin Christian"]
[Black "Radicevic, Mirko"]
[Result "1/2-1/2"]
[WhiteElo "1818"]
[BlackElo "1928"]
[PlyCount "79"]
[EventDate "2009.01.09"]
[EventType "swiss"]
[EventRounds "7"]
[EventCountry "AUT"]
[SourceTitle "EXT 2011"]
[Source "ChessBase"]
[SourceDate "2010.11.26"]
[SourceVersion "1"]
[SourceVersionDate "2010.11.26"]
[SourceQuality "1"]

1. d4 d5 2. c4 c6 3. Nf3 Nf6 4. Nc3 e6 5. Bg5 Be7 6. cxd5 cxd5 7. e3 0-0 8. Bd3 Nc6 9. 0-0 Bd7 10. Rc1 Rc8 11. Bb1 Nh5 12. Bxe7 Qxe7 13. Ne5 g6 14. Qg4 Nf6 15. Qg5 Kg7 16. f4 Be8 17. Rf3 Ng8 18. Qg3 Nh6 19. f5 f6 20. Nxc6 Rxc6 21. Rcf1 Rb6 22. b3 Rc6 23. Ne2 exf5 24. Bxf5 Nxf5 25. Rxf5 Bf7 26. R5f3 h6 27. Nf4 g5 28. h4 Rh8 29. Nh3 Bh5 30. Rf5 Qd6 31. Qxd6 Rxd6 32. hxg5 hxg5 33. Rc1 Kg6 34. Rff1 Re8 35. Rfe1 b6 36. Nf2 Kf7 37. Rc7+ Re7 38. Rxe7+ Kxe7 39. Rc1 a5 40. Rc7+ 1/2-1/2

[Event "Graz op-A"]
[Site "Graz"]
[Date "2008.09.07"]
[Round "9"]
[White "Radicevic, Mirko"]
[Black "Molnar, Attila"]
[Result "0-1"]
[WhiteElo "2022"]
[BlackElo "2070"]
[PlyCount "102"]
[EventDate "2008.08.30"]
[EventType "swiss"]
[EventRounds "9"]
[EventCountry "AUT"]
[SourceTitle "CBM 126 Extra"]
[Source "ChessBase"]
[SourceDate "2008.11.05"]
[SourceVersion "1"]
[SourceVersionDate "2008.11.05"]
[SourceQuality "1"]

1. d4 Nf6 2. c4 e6 3. Nf3 b6 4. g3 Ba6 5. Qc2 Bb4+ 6. Bd2 Qe7 7. Bg2 Bb7 8. 0-0 c5 9. Bxb4 cxb4 10. Nbd2 0-0 11. a3 Rc8 12. axb4 Qxb4 13. Ra4 Qe7 14. Rfa1 Nc6 15. Qb1 a5 16. e3 Nb4 17. b3 Bc6 18. R4a3 d6 19. Ng5 Bxg2 20. Kxg2 h6 21. Nge4 Qb7 22. f3 Nxe4 23. Nxe4 Qc6 24. Ra4 d5 25. Nd2 Rab8 26. R4a3 Rc7 27. Qb2 Rbc8 28. Qc3 Qb7 29. Rc1 b5 30. c5 Nc6 31. Qa1 Ra8 32. b4 Nxb4 33. Rxa5 Rcc8 34. Rc3 Rxa5 35. Qxa5 Nc6 36. Qb6 Rb8 37. Qxb7 Rxb7 38. Rb3 b4 39. Kf2 Kf8 40. Ke2 Ke7 41. Kd3 Ra7 42. h4 h5 43. Rb1 Ra3+ 44. Rb3 Ra2 45. e4 f6 46. Ke3 Nxd4 47. Kxd4 Rxd2+ 48. Ke3 Rc2 49. Kd4 Rc4+ 50. Ke3 d4+ 51. Kf4 e5+ 0-1

[Event "Pula op 22nd"]
[Site "Pula"]
[Date "2008.06.21"]
[Round "1"]
[White "Nikolov, Sasho"]
[Black "Radicevic, Mirko"]
[Result "1-0"]
[WhiteElo "2407"]
[BlackElo "2022"]
[PlyCount "65"]
[EventDate "2008.06.21"]
[EventType "swiss"]
[EventRounds "9"]
[EventCountry "CRO"]
[SourceTitle "CBM 125 Extra"]
[Source "ChessBase"]
[SourceDate "2008.09.01"]
[SourceVersion "1"]
[SourceVersionDate "2008.09.01"]
[SourceQuality "1"]

1. d4 d5 2. c4 c6 3. Nf3 Nf6 4. Nc3 e6 5. e3 Be7 6. Bd3 dxc4 7. Bxc4 0-0 8. 0-0 Nbd7 9. e4 b5 10. Bd3 Bb7 11. e5 Nd5 12. Nxd5 exd5 13. Qc2 h6 14. Qe2 a6 15. e6 Nf6 16. exf7+ Kxf7 17. Re1 Qd6 18. Ne5+ Kg8 19. Ng6 Bd8 20. Bf4 Qd7 21. Nxf8 Kxf8 22. Bg6 Ba5 23. Red1 Rd8 24. Rd3 Bc8 25. Rc1 Bc7 26. Be5 Bxe5 27. dxe5 Ne8 28. Rf3+ Kg8 29. e6 Qe7 30. Rf7 Qxe6 31. Qxe6 Bxe6 32. Re7 Bd7 33. Rxd7 1-0